000 00422nam a2200181Ia 4500
001 25311
005 20260414151141.0
008 260414t2003||||xx |||||||||||||| ||spa||
041 _aESP
082 _a346.4682
_bE49
100 _aEmery, Miguel Ángel
_eAUT
245 0 _aPropiedad intelectual
_b
260 _c2003
300 _a369 páginas :
_ccm.
650 _aDER
654 _aCDE
942 _cLIB
_dJUS
_fJUS
_2ddc
_n
999 _c25311
_d25311